Statistics for Most Popular Social Networking Sites

Click here to take the quiz!

General Stats

  • This quiz has been taken 820 times
    (581 since last reset)
  • The average score is 4 of 20

Answer Stats

UsersName% Correct
1,280,000,000Facebook
99%
645,750,000Twitter
92%
150,000,000Instagram
89%
1,600,000,000Google+
53%
200,000,000LinkedIn
35%
117,000,000Bebo
10%
100,000,000Orkut
4%
90,000,000Friendster
3%
249,410,000Vkontakte
3%
50,000,000Classmates.com
2%
80,000,000hi5
2%
95,000,000Netlog
2%
100,000,000Tagged
2%
63,000,000Flixster
1%
268,000,000Habbo
1%
51,000,000MyLife
1%
480,000,000Qzone
1%
160,000,000Renren
1%
300,000,000Sina Weibo
1%
50,000,000Sonico.com
0%

Score Distribution

Percentile by Number Answered

Percent of People with Each Score

Your Score History

You have not taken this quiz since the last reset